000 00318 a2200157 4500
001 150583
040 _cEscola São Tomás de Aquino
100 _aMACCARI, Natália
240 1 0 _aO natal
_lpor
245 1 0 _aO natal
300 _a15
362 0 _a1996
440 1 _aPaulinas
697 _aRELIGIÃO
942 _cBK
999 _c150583
_d150583